| 000 | 01059cam a2200313 4500 | ||
|---|---|---|---|
| 001 | 1411 | ||
| 005 | 20231124150312.0 | ||
| 020 | _a0807507083 | ||
| 020 | _a9780807507094 | ||
| 040 |
_aDLC _cDLC _dDLC _dOCoLC _dDLC _beng |
||
| 050 | 0 | 0 |
_aPZ7.W244 _bBi |
| 082 | 0 | 0 | _a813 |
| 100 | 1 |
_aWarner, Gertrude Chandler _d1890-1979 |
|
| 245 | 1 | 0 |
_aBicycle mystery / _cGERTRUDE CHANDLER WARNER; Illustrated by David Cunningham. |
| 260 |
_aNiles : _bAlbert Whitman and Company, _c1970 |
||
| 300 |
_a127 pages : _billustrations ; _c20 cm |
||
| 490 | 0 |
_aThe boxcar children _vBook 15 |
|
| 505 | _aO | ||
| 520 | _aWhile on bicycle trip to their aunt's farm, the four Aldens help solve a mystery. | ||
| 521 |
_a610
_bLexile |
||
| 521 |
_aO
_bRaz-Plus |
||
| 650 | 1 |
_aBicycles and bicycling _vFiction. |
|
| 650 | 1 |
_aBrothers and sisters _vFiction. |
|
| 650 | 1 |
_aOrphans _vFiction. |
|
| 650 | 1 | _aMystery and detective stories. | |
| 700 | 1 |
_aCunningham, David _d1938- _eillustrator |
|
| 906 |
_a7 _bcbc _corignew _d2 _encip _f19 _gy-gencatlg |
||
| 942 |
_2ddc _cBK _n0 |
||
| 999 |
_c1411 _d1411 |
||